00325nam a2200121Ia 4500008004100000040001700041041001200058082001600070100002200086245007600108260000900184300001000193230917s9999||||xx |||||||||||||| ||und|| e198390aMAIN aEnglish a617.96 B22S aBansal, Meenakshi 0aStudy of pre-emptive analgesia with piroxicam in diagnostic laparoscopy c1998 a68 p.